Dominovala dobrá hudba aa margo jubilejných Bratislavských džezových dní

Bibliographic Details
Main Author: Sojka, Ivan (Author)
Format: Article
Language:Slovak
Subjects:

MARC

LEADER 00000nab a2200000 a 4500
001 vtls000201806
003 SK-MaSNL
005 20260304033820.0
008 111130c1984 xo 0 slo
015 |a SNBRB19rr/mm-uuuuu 
035 |a CL0211919 
040 |a SNKBUCL  |b slo  |c SNKBUCL  |e AACR2 
041 0 |a slo 
044 |a xo  |c SK 
080 |a 78.091.4:785.16  |2 1981 
080 |a 785.16  |2 1981 
100 1 |a Sojka, Ivan  |4 aut  |9 926997 
245 1 0 |a Dominovala dobrá hudba  |b aa margo jubilejných Bratislavských džezových dní  |c Ivan Sojka 
611 2 7 |a Bratislavské džezové dni  |n (10. :  |d 1984 :  |c Bratislava, Slovensko)  |2 snkbucl  |9 243474 
650 0 7 |a džez  |2 snkbucl  |9 3178 
650 0 7 |a hudobné festivaly  |2 snkbucl  |9 2958 
655 7 |a články z novín a časopisov  |2 snkbucl  |9 267496 
773 0 |t Ľud  |g Roč. 37, č. 265 (8. 11. 1984), s. 5 
850 |a Slovenská národná knižnica v Martine  |a MTA001 
852 |a SNK  |b KIS3GCP 
958 |a RK 
992 |a RBX 
999 |c 2649939  |d 2651869